Differential calculus (Record no. 176702)

MARC details
000 -LEADER
fixed length control field 00397nam a2200157Ia 4500
008 - FIXED-LENGTH DATA ELEMENTS--GENERAL INFORMATION
fixed length control field 230917s9999||||xx |||||||||||||| ||und||
040 ## - CATALOGING SOURCE
-- 210405
Original cataloging agency VIVEKANANDA LIBRARY
041 ## - Language
-- English
082 ## - DDC NUMBER
Classification number 515.33 S19D(15)
100 ## - MAIN ENTRY--PERSONAL NAME
Personal name Shanti, Narayan
245 #0 - TITLE STATEMENT
Title Differential calculus
250 ## - EDITION STATEMENT
Edition statement 15th ed.
260 ## - PUBLICATION, DISTRIBUTION, ETC. (IMPRINT)
Place of publication, distribution, etc New Delhi
Name of publisher, distributor, etc Shyam Lal Charitable Trust
Date of publication, distribution, etc 2013
300 ## - PHYSICAL DESCRIPTION
Pages xi, 572p p.
942 ## - ADDED ENTRY ELEMENTS (KOHA)
Koha item type Books
Holdings
Withdrawn status Lost status Damaged status Not for loan Location (home branch) Sublocation or collection (holding branch) Shelving location Date acquired Koha issues (times borrowed) Koha full call number Accession No. Koha date last seen Koha item type
        VIVEKANANDA LIBRARY VIVEKANANDA LIBRARY UIET Library 19/09/2013 1 515.33 S19D(15) 333086 12/11/2025 Books
        VIVEKANANDA LIBRARY VIVEKANANDA LIBRARY UIET Library 19/09/2013   515.33 S19D(15) 333087 17/09/2023 Books
        VIVEKANANDA LIBRARY VIVEKANANDA LIBRARY UIET Library 19/09/2013   515.33 S19D(15) 333088 17/09/2023 Books
        VIVEKANANDA LIBRARY VIVEKANANDA LIBRARY UIET Library 19/09/2013   515.33 S19D(15) 333089 17/09/2023 Books
        VIVEKANANDA LIBRARY VIVEKANANDA LIBRARY UIET Library 19/09/2013   515.33 S19D(15) 333090 17/09/2023 Books
        VIVEKANANDA LIBRARY VIVEKANANDA LIBRARY UIET Library 19/09/2013 1 515.33 S19D(15) 333091 20/11/2024 Books
        VIVEKANANDA LIBRARY VIVEKANANDA LIBRARY UIET Library 19/09/2013   515.33 S19D(15) 333092 17/09/2023 Books
        VIVEKANANDA LIBRARY VIVEKANANDA LIBRARY UIET Library 19/09/2013 1 515.33 S19D(15) 333093 21/11/2024 Books
        VIVEKANANDA LIBRARY VIVEKANANDA LIBRARY UIET Library 19/09/2013   515.33 S19D(15) 333094 17/09/2023 Books
        VIVEKANANDA LIBRARY VIVEKANANDA LIBRARY UIET Library 19/09/2013   515.33 S19D(15) 333095 17/09/2023 Books
© Designed and Maintained by Vivekananda Library, MDU Rohtak